00241nam a2200097Ia 4500008004100000100001700041245002800058260003100086300000800117650001800125191201s2004 xx 000 0 und d aKUMAR, Vijay 0aBrain Tickle in English aN.DelhibLotus Pressc2004 a190 aGeneral Books